<?xml version="1.0" encoding="UTF-8"?>
<record
    xmlns:xsi="http://www.w3.org/2001/XMLSchema-instance"
    xsi:schemaLocation="http://www.loc.gov/MARC21/slim http://www.loc.gov/standards/marcxml/schema/MARC21slim.xsd"
    xmlns="http://www.loc.gov/MARC21/slim">

  <leader>03388    a2200217   4500</leader>
  <controlfield tag="001">3281</controlfield>
  <controlfield tag="005">20260407155426.0</controlfield>
  <controlfield tag="008">260407a1975    arg                 spa d</controlfield>
  <controlfield tag="003">AR-UNSa-BCEJYS</controlfield>
  <datafield tag="040" ind1=" " ind2=" ">
    <subfield code="a">AR-UNSa-BCEJYS</subfield>
    <subfield code="b">spa</subfield>
    <subfield code="c">AR-UNSa-BCEJYS</subfield>
  </datafield>
  <datafield tag="080" ind1=" " ind2=" ">
    <subfield code="a">347.7</subfield>
    <subfield code="x">Derecho Mercantil. Derecho Comercial</subfield>
  </datafield>
  <datafield tag="245" ind1="1" ind2="0">
    <subfield code="a">Curso de derecho comercial</subfield>
  </datafield>
  <datafield tag="250" ind1=" " ind2=" ">
    <subfield code="a">3a. ed.</subfield>
  </datafield>
  <datafield tag="264" ind1=" " ind2="1">
    <subfield code="a">Buenos Aires :</subfield>
    <subfield code="b">Depalma</subfield>
    <subfield code="c">1975</subfield>
  </datafield>
  <datafield tag="300" ind1=" " ind2=" ">
    <subfield code="a">2 v.</subfield>
    <subfield code="c">23 cm.</subfield>
  </datafield>
  <datafield tag="505" ind1=" " ind2=" ">
    <subfield code="a">Vol. I: Parte I: Parte general: 1. Origen y evoluci&#xF3;n del derecho mercantil - 2. La ley aplicable en materia comercial. Usos y costumbres - 3. Actos de comercio - 4. La juridicci&#xF3;n mercantil - 5. La empresa mercantil - 6. &#xD3;rganos auxiliares y de control del comecio y de las sociedades - 7. El comerciante individual -- Parte II: Sociedades en general: 8. Nociones generales - 9. Elementos generales y espec&#xED;ficos del contrato de sociedad - 10. Personalidad de las sociedades - 11. Formas de constituci&#xF3;n. Ley aplicable. Interpretaci&#xF3;n del contrato - 12. Distinci&#xF3;n de las sociedades civiles y comerciales. Distinci&#xF3;n de otros contratos e instituciones. Socio aparente. Socio oculto - 13. R&#xE9;gimen de las sociedades constituidas en el extranjero - 14. Clasificaci&#xF3;n de las sociedades - 15. Transformaci&#xF3;n de la sociedad - 16. Fusi&#xF3;n y escisi&#xF3;n de sociedades - 17. Sociedades irregulares y de hecho - 18. Nulidad - 19. Derechos y obligaciones de los socios - 20. Administraci&#xF3;n de la sociedad - 21. Gobierno de la sociedad -- Vol. II: Parte I: Sociedades por inter&#xE9;s: 1. Caracteres - 2. Sociedad colectiva - 3. Sociedad en comandita simple - 4. Sociedad de capital e industria - 5. Sociedades accidental o en participaci&#xF3;n -- Parte II: Sociedades por cuota. Sociedades de responsabilidad limitada: 6. Historia. Caracteres. Naturaleza. Definici&#xF3;n - 7. Requisitos - 8. Capital - 9. Administraci&#xF3;n - 10. Control permanente de la administraci&#xF3;n - 11. Derechos de los socios, gobierno de la sociedad y control individual de la administraci&#xF3;n - 12. Transformaci&#xF3;n - 13. Fusi&#xF3;n y escisi&#xF3;n - 14. Nulidad - 15. Disoluci&#xF3;n y liquidaci&#xF3;n -- Parte III: Sociedades por acciones: 16. Sociedad an&#xF3;nima: origen. R&#xE9;gimen legal - 17. S.A.: constituci&#xF3;n - 18. S.A.: nulidad - 19. S.A.: &#xF3;rganos sociales. Inter&#xE9;s societario - 20. S.A.: Capital social - 21. S.A.: Acciones - 22. S.A.: el accionista - 23. S.A.: administraci&#xF3;n - 24. S.A.: la sindicatura - 25. S.A.: consejo de vigilancia - 26. S.A.: gobierno de la sociedad an&#xF3;nima. Las asambleas - 27 S.A.: la agrupaci&#xF3;n de sociedades - 28. S.A.: fiscalizaci&#xF3;n administrativa - 29. S.A.: debentures - 30. S.A.: bonos convertibles de la ley 19.060 - 31. Sociedad en comandita por acciones - 32. Sociedad an&#xF3;nima con mayor&#xED;a estatal - 33. Sociedades cooperativas: generalidades - 34. Constituci&#xF3;n - 35. Nulidad - 36. Fundadores - 37. &#xD3;rganos sociales. Inter&#xE9;s societario. El acto cooperativo - 38. Del capital social - 39. De las cuotas parciales o acciones - 40. El asociado - 41. Administraci&#xF3;n - 42. Gobierno de la cooperativa. Las asambleas - 43. De la fiscalizaci&#xF3;n p&#xFA;blica y del INAC -- Cap. final: 44. Disoluci&#xF3;n y liquidaci&#xF3;n de todos los tipos de sociedades</subfield>
  </datafield>
  <datafield tag="942" ind1=" " ind2=" ">
    <subfield code="c">BK</subfield>
  </datafield>
  <datafield tag="590" ind1=" " ind2=" ">
    <subfield code="a">niveau_biblio:m niveau_hierar:0</subfield>
  </datafield>
  <datafield tag="100" ind1="1" ind2=" ">
    <subfield code="a">Halperin, Isaac</subfield>
  </datafield>
  <datafield tag="856" ind1="4" ind2="1">
    <subfield code="u">https://biblioeco.unsa.edu.ar/pmb/images/libros/L21613.jpg</subfield>
    <subfield code="y">Imagen de portada</subfield>
    <subfield code="q">image/jpeg</subfield>
  </datafield>
  <datafield tag="999" ind1=" " ind2=" ">
    <subfield code="c">310</subfield>
    <subfield code="d">310</subfield>
  </datafield>
  <datafield tag="952" ind1=" " ind2=" ">
    <subfield code="0">0</subfield>
    <subfield code="1">0</subfield>
    <subfield code="4">0</subfield>
    <subfield code="7">0</subfield>
    <subfield code="a">BCEJYS</subfield>
    <subfield code="b">BCEJYS</subfield>
    <subfield code="c">16</subfield>
    <subfield code="d">2026-04-07</subfield>
    <subfield code="l">0</subfield>
    <subfield code="o">347.7 H195 v.1 3ed.</subfield>
    <subfield code="p">L26329</subfield>
    <subfield code="r">2026-04-07 15:54:26</subfield>
    <subfield code="w">2026-04-07</subfield>
    <subfield code="y">L</subfield>
  </datafield>
  <datafield tag="952" ind1=" " ind2=" ">
    <subfield code="0">0</subfield>
    <subfield code="1">0</subfield>
    <subfield code="4">0</subfield>
    <subfield code="7">0</subfield>
    <subfield code="a">BCEJYS</subfield>
    <subfield code="b">BCEJYS</subfield>
    <subfield code="c">16</subfield>
    <subfield code="d">2026-04-07</subfield>
    <subfield code="l">0</subfield>
    <subfield code="o">347.7 H195 v.1 3ed.</subfield>
    <subfield code="p">L26326</subfield>
    <subfield code="r">2026-04-07 15:54:26</subfield>
    <subfield code="w">2026-04-07</subfield>
    <subfield code="y">L</subfield>
  </datafield>
  <datafield tag="952" ind1=" " ind2=" ">
    <subfield code="0">0</subfield>
    <subfield code="1">0</subfield>
    <subfield code="4">0</subfield>
    <subfield code="7">0</subfield>
    <subfield code="a">BCEJYS</subfield>
    <subfield code="b">BCEJYS</subfield>
    <subfield code="c">16</subfield>
    <subfield code="d">2026-04-07</subfield>
    <subfield code="l">0</subfield>
    <subfield code="o">347.7 H195 v.1 3ed.</subfield>
    <subfield code="p">L26325</subfield>
    <subfield code="r">2026-04-07 15:54:26</subfield>
    <subfield code="w">2026-04-07</subfield>
    <subfield code="y">L</subfield>
  </datafield>
  <datafield tag="952" ind1=" " ind2=" ">
    <subfield code="0">0</subfield>
    <subfield code="1">0</subfield>
    <subfield code="4">0</subfield>
    <subfield code="7">0</subfield>
    <subfield code="a">BCEJYS</subfield>
    <subfield code="b">BCEJYS</subfield>
    <subfield code="c">16</subfield>
    <subfield code="d">2026-04-07</subfield>
    <subfield code="l">0</subfield>
    <subfield code="o">347.7 H195 v.1 3ed.</subfield>
    <subfield code="p">L24755</subfield>
    <subfield code="r">2026-04-07 15:54:26</subfield>
    <subfield code="w">2026-04-07</subfield>
    <subfield code="y">L</subfield>
  </datafield>
  <datafield tag="952" ind1=" " ind2=" ">
    <subfield code="0">0</subfield>
    <subfield code="1">0</subfield>
    <subfield code="4">0</subfield>
    <subfield code="7">0</subfield>
    <subfield code="a">BCEJYS</subfield>
    <subfield code="b">BCEJYS</subfield>
    <subfield code="c">16</subfield>
    <subfield code="d">2026-04-07</subfield>
    <subfield code="l">0</subfield>
    <subfield code="o">347.7 H195 v.1 3ed.</subfield>
    <subfield code="p">L24756</subfield>
    <subfield code="r">2026-04-07 15:54:26</subfield>
    <subfield code="w">2026-04-07</subfield>
    <subfield code="y">L</subfield>
  </datafield>
  <datafield tag="952" ind1=" " ind2=" ">
    <subfield code="0">0</subfield>
    <subfield code="1">0</subfield>
    <subfield code="4">0</subfield>
    <subfield code="7">0</subfield>
    <subfield code="a">BCEJYS</subfield>
    <subfield code="b">BCEJYS</subfield>
    <subfield code="c">16</subfield>
    <subfield code="d">2026-04-07</subfield>
    <subfield code="l">0</subfield>
    <subfield code="o">347.7 H195 v.1 3ed.</subfield>
    <subfield code="p">L13398</subfield>
    <subfield code="r">2026-04-07 15:54:26</subfield>
    <subfield code="w">2026-04-07</subfield>
    <subfield code="y">L</subfield>
  </datafield>
  <datafield tag="952" ind1=" " ind2=" ">
    <subfield code="0">0</subfield>
    <subfield code="1">0</subfield>
    <subfield code="4">0</subfield>
    <subfield code="7">0</subfield>
    <subfield code="a">BCEJYS</subfield>
    <subfield code="b">BCEJYS</subfield>
    <subfield code="c">16</subfield>
    <subfield code="d">2026-04-07</subfield>
    <subfield code="l">0</subfield>
    <subfield code="o">347.7 H195 v.1 3ed.</subfield>
    <subfield code="p">L13399</subfield>
    <subfield code="r">2026-04-07 15:54:26</subfield>
    <subfield code="w">2026-04-07</subfield>
    <subfield code="y">L</subfield>
  </datafield>
  <datafield tag="952" ind1=" " ind2=" ">
    <subfield code="0">0</subfield>
    <subfield code="1">0</subfield>
    <subfield code="4">0</subfield>
    <subfield code="7">0</subfield>
    <subfield code="a">BCEJYS</subfield>
    <subfield code="b">BCEJYS</subfield>
    <subfield code="c">16</subfield>
    <subfield code="d">2026-04-07</subfield>
    <subfield code="l">0</subfield>
    <subfield code="o">347.7 H195 v.1 3ed.</subfield>
    <subfield code="p">L13397</subfield>
    <subfield code="r">2026-04-07 15:54:26</subfield>
    <subfield code="w">2026-04-07</subfield>
    <subfield code="y">L</subfield>
  </datafield>
  <datafield tag="952" ind1=" " ind2=" ">
    <subfield code="0">0</subfield>
    <subfield code="1">0</subfield>
    <subfield code="4">0</subfield>
    <subfield code="7">0</subfield>
    <subfield code="a">BCEJYS</subfield>
    <subfield code="b">BCEJYS</subfield>
    <subfield code="c">16</subfield>
    <subfield code="d">2026-04-07</subfield>
    <subfield code="l">0</subfield>
    <subfield code="o">347.7 H195 v.1 3ed.</subfield>
    <subfield code="p">L13396</subfield>
    <subfield code="r">2026-04-07 15:54:26</subfield>
    <subfield code="w">2026-04-07</subfield>
    <subfield code="y">L</subfield>
  </datafield>
  <datafield tag="952" ind1=" " ind2=" ">
    <subfield code="0">0</subfield>
    <subfield code="1">0</subfield>
    <subfield code="4">0</subfield>
    <subfield code="7">0</subfield>
    <subfield code="a">BCEJYS</subfield>
    <subfield code="b">BCEJYS</subfield>
    <subfield code="c">16</subfield>
    <subfield code="d">2026-04-07</subfield>
    <subfield code="l">0</subfield>
    <subfield code="o">347.7 H195 v.1 3ed.</subfield>
    <subfield code="p">L24759</subfield>
    <subfield code="r">2026-04-07 15:54:26</subfield>
    <subfield code="w">2026-04-07</subfield>
    <subfield code="y">L</subfield>
  </datafield>
  <datafield tag="952" ind1=" " ind2=" ">
    <subfield code="0">0</subfield>
    <subfield code="1">0</subfield>
    <subfield code="4">0</subfield>
    <subfield code="7">0</subfield>
    <subfield code="a">BCEJYS</subfield>
    <subfield code="b">BCEJYS</subfield>
    <subfield code="c">16</subfield>
    <subfield code="d">2026-04-07</subfield>
    <subfield code="l">0</subfield>
    <subfield code="o">347.7 H195 v.1 3ed.</subfield>
    <subfield code="p">L13420</subfield>
    <subfield code="r">2026-04-07 15:54:26</subfield>
    <subfield code="w">2026-04-07</subfield>
    <subfield code="y">L</subfield>
  </datafield>
  <datafield tag="952" ind1=" " ind2=" ">
    <subfield code="0">0</subfield>
    <subfield code="1">0</subfield>
    <subfield code="4">0</subfield>
    <subfield code="7">0</subfield>
    <subfield code="a">BCEJYS</subfield>
    <subfield code="b">BCEJYS</subfield>
    <subfield code="c">16</subfield>
    <subfield code="d">2026-04-07</subfield>
    <subfield code="l">0</subfield>
    <subfield code="o">347.7 H195 v.2 3ed.</subfield>
    <subfield code="p">L28434</subfield>
    <subfield code="r">2026-04-07 15:54:26</subfield>
    <subfield code="w">2026-04-07</subfield>
    <subfield code="y">L</subfield>
  </datafield>
  <datafield tag="952" ind1=" " ind2=" ">
    <subfield code="0">0</subfield>
    <subfield code="1">0</subfield>
    <subfield code="4">0</subfield>
    <subfield code="7">0</subfield>
    <subfield code="a">BCEJYS</subfield>
    <subfield code="b">BCEJYS</subfield>
    <subfield code="c">16</subfield>
    <subfield code="d">2026-04-07</subfield>
    <subfield code="l">0</subfield>
    <subfield code="o">347.7 H195 v.2 3ed.</subfield>
    <subfield code="p">L28433</subfield>
    <subfield code="r">2026-04-07 15:54:26</subfield>
    <subfield code="w">2026-04-07</subfield>
    <subfield code="y">L</subfield>
  </datafield>
  <datafield tag="952" ind1=" " ind2=" ">
    <subfield code="0">0</subfield>
    <subfield code="1">0</subfield>
    <subfield code="4">0</subfield>
    <subfield code="7">0</subfield>
    <subfield code="a">BCEJYS</subfield>
    <subfield code="b">BCEJYS</subfield>
    <subfield code="c">16</subfield>
    <subfield code="d">2026-04-07</subfield>
    <subfield code="l">0</subfield>
    <subfield code="o">347.7 H195 v.2 3ed.</subfield>
    <subfield code="p">L28435</subfield>
    <subfield code="r">2026-04-07 15:54:26</subfield>
    <subfield code="w">2026-04-07</subfield>
    <subfield code="y">L</subfield>
  </datafield>
</record>
